banner-ar

مفردات ديسقوريدس : كما ظهرت فى كتاب (المفردات) لابن البيطار / (Record no. 46342)

MARC details
000 -الفاتح
حقل البيانات ثابتة الطول 00916nam a2200217Ia 4500
008 - عناصر البيانات ثابتة الطول - معلومات عامة
حقل البيانات ثابتة الطول 140319s9999 xx 000 0 ara d
040 ## - مصدر الفهرسة
وكالة الفهرسة الأصلية GCL /
وكالة النسخ GCL
082 04 - رقم تصنيف ديوى العشرى
رقم التصنيف 610.9
رقم المادة ب م
100 1# - المدخل الرئيسى - إسم شخصى
الإسم الشخصى ابن البيطار : ضياء ابو محمد عبدالله بن احمد المالقى النباتى
245 10 - بيان العنوان
العنوان مفردات ديسقوريدس : كما ظهرت فى كتاب (المفردات) لابن البيطار /
بيان المسئوليه,etc ابن البيطار : ضياء ابو محمد عبدالله بن احمد المالقى النباتى
700 1# - المدخل الاضافى - اسم شخصى
الإسم الشخصى ابومحمد عبدالله
700 1# - المدخل الاضافى - اسم شخصى
الإسم الشخصى محمد نزير شكرى
300 ## - الوصف المادى
التعداد 180 ص
490 ## - بيان السلسلة
عنوان السلسلة منشورات جامعة حلب
رقم المجلد/ التعيين التسلسلي 0
650 04 - المدخل الاضافى بالموضوع-مصطلح موضوعى
مصطلح موضوعي الطب عند العرب
650 04 - المدخل الاضافى بالموضوع-مصطلح موضوعى
مصطلح موضوعي العلوم عند العرب
650 04 - المدخل الاضافى بالموضوع-مصطلح موضوعى
مصطلح موضوعي العلماء المسلمون
650 04 - المدخل الاضافى بالموضوع-مصطلح موضوعى
مصطلح موضوعي الحضارة الاسلامية
942 ## - عناصر المدخل الإضافي( كوها)
مصدر التصنيف او مخطط الترفيف Dewey Decimal Classification
Koha [default] item type كتاب
Holdings
حالة التراجع حالة الفقد حالة تلف ليس للاعارة المكان المؤقت الموقع الحالى تاريخ الاكتساب اجمالي اﻻعارات رقم الطلب الباركود تاريخ اخر مشاهدة تاريخ تفعيل السعر نوع وعاء كوها
        مكتبة القاهرة الكبرى مكتبة القاهرة الكبرى 03/26/2014   610.9\ب م 112818 03/26/2014 03/26/2014 كتاب
        مكتبة القاهرة الكبرى مكتبة القاهرة الكبرى 03/26/2014   610.9\ب م 112819 03/26/2014 03/26/2014 كتاب
        مكتبة القاهرة الكبرى مكتبة القاهرة الكبرى 03/26/2014   610.9\ب م 112820 03/26/2014 03/26/2014 كتاب
        مكتبة القاهرة الكبرى مكتبة القاهرة الكبرى 03/26/2014   610.9\ب م 112821 03/26/2014 03/26/2014 كتاب

Powered By

EGPV